00418nam a2200133 a 450000500170000000800410001705000240005810000200008224500580010226000390016030000240019944000290022365000320025220140412111236.0001120s19uu xx 00 eng d aTR(GS 414bW37 1978 aWarten, Herbert aPhonics D :blong vowel sounds /cHerbert Wartenberg. aNew York :bScholastic Inc,c1978. a32 p. ; col. ; ill. aA Scholastic Skills Book aReading -- Phonetic Methods